000 00467nam a2200181Ia 4500
008 220531s9999 xx 000 0 und d
041 _aeng
082 _bWAK / KAP
100 _aWakale,l. P. / Kapadnis, B. V.
_950267
245 _aIncome Tax : Practice And Procedure 2006-07
250 _a4th
260 _bGayatri
_c2004
300 _a218
542 _d13-12-2005
650 _aTaxation
_950268
906 _d2005-2006
_d2014-2015
999 _c29325
_d29325